[Event "Moscow Open 2016 A"]
[Site "?"]
[Date "2016.02.07"]
[Round "9.3"]
[White "Timofeev, Artyom"]
[Black "Kokarev, Dmitry"]
[Result "1/2-1/2"]
[BlackElo "2619"]
[WhiteElo "2570"]
[LiveChessVersion "1.4.7"]

1. e4 {[%clk 1:30:51]} c5 {[%clk 1:30:47]} 2. Nf3 {[%clk 1:31:09]} d6
{[%clk 1:31:05]} 3. Bb5+ {[%clk 1:29:00]} Bd7 {[%clk 1:21:13]} 4. Bxd7+
{[%clk 1:27:44]} Qxd7 {[%clk 1:20:34]} 5. c4 {[%clk 1:19:05]} Nf6
{[%clk 1:17:41]} 6. Nc3 {[%clk 1:10:23]} g6 {[%clk 1:16:10]} 7. O-O
{[%clk 1:09:26]} Bg7 {[%clk 1:16:18]} 8. d4 {[%clk 1:08:56]} cxd4
{[%clk 1:16:17]} 9. Nxd4 {[%clk 1:09:20]} O-O {[%clk 1:16:31]} 10. f3
{[%clk 1:06:54]} Rc8 {[%clk 1:00:54]} 11. b3 {[%clk 1:01:44]} d5 {[%clk 0:53:53]}
12. exd5 {[%clk 0:55:06]} Nxd5 {[%clk 0:53:11]} 13. Nxd5 {[%clk 0:55:00]} e6
{[%clk 0:53:29]} 14. Bh6 {[%clk 0:50:49]} exd5 {[%clk 0:52:08]} 15. Bxg7
{[%clk 0:50:32]} Kxg7 {[%clk 0:52:27]} 16. Nb5 {[%clk 0:47:49]} dxc4
{[%clk 0:49:47]} 17. Nd6 {[%clk 0:46:04]} Rd8 {[%clk 0:48:35]} 18. Nxb7
{[%clk 0:44:52]} Qxd1 {[%clk 0:48:48]} 19. Rfxd1 {[%clk 0:45:07]} Rxd1+
{[%clk 0:49:10]} 20. Rxd1 {[%clk 0:45:33]} cxb3 {[%clk 0:49:33]} 21. axb3
{[%clk 0:45:51]} Nc6 {[%clk 0:49:56]} 22. Rd7 {[%clk 0:44:10]} a5
{[%clk 0:48:48]} 23. Rd6 {[%clk 0:41:29]} Rb8 {[%clk 0:47:46]} 24. Rxc6
{[%clk 0:41:43]} Rxb7 {[%clk 0:48:06]} 25. Rc5 {[%clk 0:42:03]} Rxb3
{[%clk 0:48:28]} 26. Rxa5 {[%clk 0:42:27]} Rb4 {[%clk 0:48:51]} 27. Kf2
{[%clk 0:41:50]} h6 {[%clk 0:49:02]} 28. g4 {[%clk 0:41:57]} g5 {[%clk 0:49:22]}
29. Kg3 {[%clk 0:42:11]} Rb3 {[%clk 0:49:44]} 30. Ra6 {[%clk 0:42:21]} Rc3
{[%clk 0:50:03]} 31. Rb6 {[%clk 0:42:40]} Rc1 {[%clk 0:50:25]} 32. h4
{[%clk 0:42:22]} gxh4+ {[%clk 0:50:48]} 33. Kxh4 {[%clk 0:42:47]} Rg1
{[%clk 0:51:10]} 34. f4 {[%clk 0:42:46]} Rf1 {[%clk 0:51:26]} 35. Kg3
{[%clk 0:43:02]} Rg1+ {[%clk 0:51:46]} 36. Kf3 {[%clk 0:43:24]} Ra1
{[%clk 0:52:07]} 37. g5 {[%clk 0:43:17]} hxg5 {[%clk 0:52:29]} 38. fxg5
{[%clk 0:43:44]} f6 {[%clk 0:52:28]} 39. Rxf6 {[%clk 0:43:29]} Rf1+
{[%clk 0:52:52]} 40. Kg4 {[%clk 1:13:51]} Rxf6 {[%clk 1:23:16]} 41. gxf6+
{[%clk 1:14:17]} Kxf6 {[%clk 1:23:41]} 1/2-1/2

[Event "Moscow Open 2016 A"]
[Site "?"]
[Date "2016.02.07"]
[Round "9.4"]
[White "Antal, Gergely"]
[Black "Eliseev, Urii"]
[Result "0-1"]
[BlackElo "2582"]
[WhiteElo "2566"]
[LiveChessVersion "1.4.7"]

1. e4 {[%clk 1:30:57]} c5 {[%clk 1:30:54]} 2. Nf3 {[%clk 1:31:23]} Nc6
{[%clk 1:31:18]} 3. Bb5 {[%clk 1:31:23]} g6 {[%clk 1:31:41]} 4. Bxc6
{[%clk 1:31:22]} bxc6 {[%clk 1:32:04]} 5. O-O {[%clk 1:31:10]} Bg7
{[%clk 1:32:29]} 6. Re1 {[%clk 1:29:11]} Nh6 {[%clk 1:32:41]} 7. c3
{[%clk 1:29:21]} O-O {[%clk 1:32:51]} 8. d4 {[%clk 1:27:49]} cxd4
{[%clk 1:32:48]} 9. cxd4 {[%clk 1:28:16]} d5 {[%clk 1:33:03]} 10. e5
{[%clk 1:22:08]} f6 {[%clk 1:32:28]} 11. Nbd2 {[%clk 0:54:26]} fxe5
{[%clk 1:31:36]} 12. Nxe5 {[%clk 0:52:38]} Bxe5 {[%clk 1:31:49]} 13. dxe5
{[%clk 0:49:57]} Qb6 {[%clk 1:30:05]} 14. Nf3 {[%clk 0:48:51]} Nf5
{[%clk 1:27:53]} 15. Qc2 {[%clk 0:41:31]} c5 {[%clk 1:25:55]} 16. b3
{[%clk 0:32:46]} Bb7 {[%clk 1:18:13]} 17. Bg5 {[%clk 0:25:20]} h6
{[%clk 1:12:24]} 18. Bd2 {[%clk 0:23:10]} d4 {[%clk 1:12:27]} 19. Qd3
{[%clk 0:22:05]} Qe6 {[%clk 1:06:38]} 20. h3 {[%clk 0:18:22]} g5 {[%clk 1:02:07]}
21. Nh2 {[%clk 0:15:02]} Nh4 {[%clk 0:51:53]} 22. f3 {[%clk 0:15:23]} Rxf3
{[%clk 0:49:48]} 23. Nxf3 {[%clk 0:11:10]} Bxf3 {[%clk 0:50:01]} 24. Re4
{[%clk 0:04:22]} Bxe4 {[%clk 0:44:19]} 25. Qxe4 {[%clk 0:04:51]} Rd8
{[%clk 0:44:40]} 26. Rf1 {[%clk 0:02:37]} Rd5 {[%clk 0:39:41]} 27. g3
{[%clk 0:02:39]} Ng6 {[%clk 0:39:57]} 28. Rf6 {[%clk 0:02:39]} exf6
{[%clk 0:40:20]} 29. Qxg6+ {[%clk 0:03:06]} Kf8 {[%clk 0:40:45]} 30. exf6
{[%clk 0:03:10]} Rf5 {[%clk 0:40:08]} 31. Qxh6+ {[%clk 0:03:07]} Ke8
{[%clk 0:39:55]} 32. Qh8+ {[%clk 0:02:55]} Kd7 {[%clk 0:39:00]} 33. Qg7+
{[%clk 0:02:52]} Kc6 {[%clk 0:38:08]} 34. Qxa7 {[%clk 0:03:19]} Qxf6
{[%clk 0:30:59]} 35. Qa6+ {[%clk 0:03:36]} Kd7 {[%clk 0:31:22]} 36. Qb7+
{[%clk 0:01:39]} Ke6 {[%clk 0:31:02]} 37. Qb5 Qe5 {[%clk 0:28:32]} 38. Qe8+
{[%clk 0:01:10]} Kf6 {[%clk 0:28:54]} 39. Qh8+ {[%clk 0:00:44]} Kg6
{[%clk 0:29:14]} 40. Qxe5 {[%clk 0:30:36]} Rxe5 {[%clk 0:59:39]} 41. Kf2
{[%clk 0:31:02]} Re6 {[%clk 0:58:59]} 42. Kf3 {[%clk 0:30:40]} Ra6
{[%clk 0:55:29]} 43. a4 {[%clk 0:26:12]} Rb6 {[%clk 0:55:49]} 44. b4
{[%clk 0:26:37]} cxb4 {[%clk 0:55:20]} 45. Bc1 {[%clk 0:24:01]} Rc6
{[%clk 0:55:36]} 46. Bb2 {[%clk 0:24:22]} Rc2 {[%clk 0:55:50]} 47. Bxd4
{[%clk 0:24:45]} b3 {[%clk 0:56:15]} 0-1

[Event "Moscow Open 2016 A"]
[Site "?"]
[Date "2016.02.07"]
[Round "9.5"]
[White "Artemiev, Vladislav"]
[Black "Oganian, Miran"]
[Result "1-0"]
[BlackElo "2405"]
[WhiteElo "2673"]
[LiveChessVersion "1.4.7"]

1. Nf3 {[%clk 1:30:43]} g6 {[%clk 1:25:03]} 2. d4 {[%clk 1:29:58]} c5
{[%clk 1:22:15]} 3. d5 {[%clk 1:29:23]} d6 {[%clk 1:21:43]} 4. e4
{[%clk 1:28:55]} Bg7 {[%clk 1:21:54]} 5. Bb5+ {[%clk 1:25:37]} Bd7
{[%clk 1:21:46]} 6. a4 {[%clk 1:25:36]} Nf6 {[%clk 1:21:28]} 7. Nc3
{[%clk 1:25:40]} O-O {[%clk 1:21:34]} 8. O-O {[%clk 1:22:58]} Na6
{[%clk 1:20:16]} 9. Bxa6 {[%clk 0:59:15]} bxa6 {[%clk 1:20:38]} 10. h3
{[%clk 0:59:40]} e6 {[%clk 1:05:51]} 11. dxe6 {[%clk 0:53:04]} Bxe6
{[%clk 1:05:58]} 12. Bf4 {[%clk 0:49:41]} Qb6 {[%clk 0:40:06]} 13. Qd2
{[%clk 0:31:13]} Rad8 {[%clk 0:38:03]} 14. Bg5 {[%clk 0:31:31]} Rd7
{[%clk 0:35:51]} 15. Rfe1 {[%clk 0:25:48]} Nh5 {[%clk 0:29:47]} 16. Bh6
{[%clk 0:24:33]} Re8 {[%clk 0:23:24]} 17. Bxg7 {[%clk 0:22:22]} Kxg7
{[%clk 0:23:48]} 18. a5 {[%clk 0:16:00]} Qd8 {[%clk 0:23:54]} 19. Ng5
{[%clk 0:13:36]} Qf6 {[%clk 0:21:42]} 20. Rad1 {[%clk 0:12:55]} Bc4
{[%clk 0:17:44]} 21. b3 {[%clk 0:08:24]} h6 {[%clk 0:16:36]} 22. h4
{[%clk 0:08:43]} hxg5 {[%clk 0:07:16]} 23. hxg5 {[%clk 0:09:08]} Qe6
{[%clk 0:03:43]} 24. bxc4 {[%clk 0:09:31]} Qxc4 {[%clk 0:04:10]} 25. Nd5
{[%clk 0:06:36]} Rxe4 {[%clk 0:03:49]} 26. Rxe4 {[%clk 0:06:59]} Qxe4
{[%clk 0:04:15]} 27. f3 {[%clk 0:05:11]} Qf5 {[%clk 0:03:04]} 28. Re1
{[%clk 0:03:57]} f6 {[%clk 0:02:45]} 29. g4 {[%clk 0:03:46]} Qxf3
{[%clk 0:02:41]} 30. Qg2 {[%clk 0:02:38]} Qxg2+ {[%clk 0:00:34]} 31. Kxg2
{[%clk 0:03:04]} fxg5 {[%clk 0:00:55]} 32. gxh5 {[%clk 0:03:31]} gxh5
{[%clk 0:01:20]} 33. Re6 {[%clk 0:03:58]} Rd8 {[%clk 0:00:41]} 34. Re7+
{[%clk 0:03:41]} Kg6 {[%clk 0:01:00]} 35. Rxa7 {[%clk 0:04:04]} Re8
{[%clk 0:01:01]} 36. Rxa6 {[%clk 0:03:48]} g4 {[%clk 0:01:27]} 37. Rxd6+
{[%clk 0:03:56]} Kg5 {[%clk 0:01:54]} 38. Nc3 {[%clk 0:02:10]} h4
{[%clk 0:02:10]} 39. a6 {[%clk 0:00:36]} Re1 {[%clk 0:01:03]} 40. Rd1
{[%clk 0:30:40]} h3+ {[%clk 0:30:54]} 41. Kh2 {[%clk 0:29:52]} Re8
{[%clk 0:27:45]} 42. a7 {[%clk 0:26:18]} Kh4 {[%clk 0:28:02]} 43. Ne4
{[%clk 0:25:29]} Rxe4 {[%clk 0:22:33]} 44. a8=Q {[%clk 0:25:04]} 1-0

[Event "Moscow Open 2016 A"]
[Site "?"]
[Date "2016.02.07"]
[Round "9.6"]
[White "Korchmar, Vasiliy"]
[Black "Bernadskiy, Vitaliy"]
[Result "1-0"]
[BlackElo "2546"]
[WhiteElo "2405"]
[LiveChessVersion "1.4.7"]

1. d4 {[%clk 1:30:50]} Nf6 {[%clk 1:30:44]} 2. c4 {[%clk 1:31:08]} e6
{[%clk 1:30:18]} 3. g3 {[%clk 1:31:33]} c5 {[%clk 1:29:58]} 4. d5
{[%clk 1:31:45]} exd5 {[%clk 1:30:11]} 5. cxd5 {[%clk 1:32:08]} d6
{[%clk 1:30:37]} 6. Nc3 {[%clk 1:32:31]} g6 {[%clk 1:30:53]} 7. Bg2
{[%clk 1:32:55]} Bg7 {[%clk 1:31:20]} 8. Nf3 {[%clk 1:33:18]} O-O
{[%clk 1:31:46]} 9. O-O {[%clk 1:33:42]} Re8 {[%clk 1:31:57]} 10. Bf4
{[%clk 1:34:07]} Na6 {[%clk 1:32:06]} 11. Re1 {[%clk 1:33:57]} Bg4
{[%clk 1:32:25]} 12. h3 {[%clk 1:33:41]} Bf5 {[%clk 1:32:16]} 13. Nh4
{[%clk 1:20:22]} Be4 {[%clk 1:19:22]} 14. Nf3 {[%clk 1:16:49]} Nc7
{[%clk 1:15:36]} 15. Nxe4 {[%clk 1:12:15]} Rxe4 {[%clk 1:13:59]} 16. Nd2
{[%clk 0:52:33]} Rxf4 {[%clk 0:56:26]} 17. gxf4 {[%clk 0:52:57]} Nfxd5
{[%clk 0:56:54]} 18. Ne4 {[%clk 0:39:49]} Nxf4 {[%clk 0:37:00]} 19. Qxd6
{[%clk 0:40:13]} Qxd6 {[%clk 0:32:23]} 20. Nxd6 {[%clk 0:40:23]} Nxg2
{[%clk 0:31:47]} 21. Kxg2 {[%clk 0:40:48]} b5 {[%clk 0:32:15]} 22. Rac1
{[%clk 0:31:34]} c4 {[%clk 0:29:03]} 23. Rc2 {[%clk 0:27:39]} Rd8
{[%clk 0:24:29]} 24. Nb7 {[%clk 0:22:24]} Rd5 {[%clk 0:20:25]} 25. a4
{[%clk 0:21:33]} a6 {[%clk 0:19:25]} 26. axb5 {[%clk 0:21:58]} axb5
{[%clk 0:19:53]} 27. Ra1 {[%clk 0:21:39]} Kf8 {[%clk 0:19:02]} 28. Kf1
{[%clk 0:16:09]} Ke7 {[%clk 0:18:52]} 29. Ke1 {[%clk 0:16:12]} Rh5
{[%clk 0:15:21]} 30. Ra3 {[%clk 0:15:30]} Kd7 {[%clk 0:14:25]} 31. Rd2+
{[%clk 0:15:28]} Kc6 {[%clk 0:13:48]} 32. Nd8+ {[%clk 0:15:11]} Kc5
{[%clk 0:13:45]} 33. Ra7 {[%clk 0:13:25]} Nd5 {[%clk 0:07:12]} 34. e4
{[%clk 0:10:01]} c3 {[%clk 0:05:54]} 35. Rxd5+ {[%clk 0:09:09]} Rxd5
{[%clk 0:05:53]} 36. b4+ {[%clk 0:09:39]} Kxb4 {[%clk 0:04:22]} 37. exd5
{[%clk 0:10:03]} Kb3 {[%clk 0:03:20]} 38. Rc7 {[%clk 0:09:00]} b4
{[%clk 0:00:41]} 39. Nc6 {[%clk 0:07:37]} Bf8 {[%clk 0:00:32]} 40. Nd4+
{[%clk 0:33:57]} Kb2 {[%clk 0:30:47]} 41. Ke2 {[%clk 0:33:47]} Bg7
{[%clk 0:27:20]} 42. Kd3 {[%clk 0:34:02]} Bxd4 {[%clk 0:27:00]} 43. Kxd4
{[%clk 0:34:25]} c2 {[%clk 0:27:19]} 44. d6 {[%clk 0:33:48]} b3 {[%clk 0:27:45]}
45. d7 {[%clk 0:34:09]} 1-0

[Event "Moscow Open 2016 A"]
[Site "?"]
[Date "2016.02.07"]
[Round "9.7"]
[White "Vorontsov, Pavlo"]
[Black "Gasanov, Eldar"]
[Result "1/2-1/2"]
[BlackElo "2488"]
[WhiteElo "2395"]
[LiveChessVersion "1.4.7"]

1. Nf3 {[%clk 1:30:57]} d5 {[%clk 1:28:34]} 2. d4 {[%clk 1:31:11]} Nf6
{[%clk 1:27:19]} 3. c4 {[%clk 1:31:30]} e6 {[%clk 1:27:29]} 4. Nc3
{[%clk 1:31:45]} c6 {[%clk 1:27:22]} 5. cxd5 {[%clk 1:31:38]} exd5
{[%clk 1:27:29]} 6. Bg5 {[%clk 1:32:02]} h6 {[%clk 1:25:30]} 7. Bh4
{[%clk 1:32:21]} Bf5 {[%clk 1:24:56]} 8. e3 {[%clk 1:32:04]} Nbd7
{[%clk 1:12:54]} 9. Bd3 {[%clk 1:32:19]} Bxd3 {[%clk 1:13:06]} 10. Qxd3
{[%clk 1:32:42]} Be7 {[%clk 1:13:13]} 11. O-O {[%clk 1:32:33]} O-O
{[%clk 1:12:53]} 12. Rab1 {[%clk 1:23:47]} a5 {[%clk 1:09:02]} 13. Nd2
{[%clk 1:09:30]} Re8 {[%clk 1:05:07]} 14. Rfe1 {[%clk 1:00:27]} Nb6
{[%clk 0:50:02]} 15. Bxf6 {[%clk 0:51:56]} Bxf6 {[%clk 0:50:14]} 16. b4
{[%clk 0:51:28]} axb4 {[%clk 0:40:59]} 17. Rxb4 {[%clk 0:51:53]} Be7
{[%clk 0:41:14]} 18. Rb3 {[%clk 0:52:10]} Bd6 {[%clk 0:40:47]} 19. Reb1
{[%clk 0:48:35]} Bc7 {[%clk 0:39:30]} 20. Nf3 {[%clk 0:46:34]} Ra6
{[%clk 0:33:43]} 21. a4 {[%clk 0:46:47]} g6 {[%clk 0:25:38]} 22. h3
{[%clk 0:45:30]} Kg7 {[%clk 0:24:57]} 23. R3b2 {[%clk 0:39:41]} Kg8
{[%clk 0:22:40]} 24. Rb3 {[%clk 0:39:59]} Kg7 {[%clk 0:21:46]} 25. R3b2
{[%clk 0:40:06]} Kg8 {[%clk 0:21:54]} 26. Rb3 {[%clk 0:40:35]} Kg7
{[%clk 0:22:22]} 27. R3b2 {[%clk 0:40:59]} Kg8 1/2-1/2

[Event "Moscow Open 2016 A"]
[Site "?"]
[Date "2016.02.07"]
[Round "9.8"]
[White "Grachev, Boris"]
[Black "Andreev, Eduard"]
[Result "1-0"]
[BlackElo "2458"]
[WhiteElo "2652"]
[LiveChessVersion "1.4.7"]

1. Nf3 {[%clk 1:23:24]} c5 {[%clk 1:30:21]} 2. b3 {[%clk 1:22:39]} Nf6
{[%clk 1:28:35]} 3. Bb2 {[%clk 1:19:48]} e6 {[%clk 1:28:24]} 4. g3
{[%clk 1:15:45]} b6 {[%clk 1:21:51]} 5. Bg2 {[%clk 1:16:11]} Bb7 {[%clk 1:22:15]}
6. O-O {[%clk 1:16:35]} Be7 {[%clk 1:21:51]} 7. c4 {[%clk 1:15:48]} O-O
{[%clk 1:21:19]} 8. e3 {[%clk 1:11:17]} d5 {[%clk 1:07:03]} 9. Nc3
{[%clk 1:05:30]} dxc4 {[%clk 1:01:53]} 10. bxc4 {[%clk 1:05:50]} Nc6
{[%clk 1:02:16]} 11. Qe2 {[%clk 1:05:15]} Rc8 {[%clk 0:57:49]} 12. Ne1
{[%clk 1:03:10]} Qd7 {[%clk 0:52:54]} 13. f4 {[%clk 1:01:18]} Rfd8
{[%clk 0:42:36]} 14. Rd1 {[%clk 0:53:50]} Bf8 {[%clk 0:33:48]} 15. g4
{[%clk 0:49:18]} Ne7 {[%clk 0:32:44]} 16. d3 {[%clk 0:35:58]} Bxg2
{[%clk 0:27:48]} 17. Qxg2 {[%clk 0:35:52]} g6 {[%clk 0:24:51]} 18. Nf3
{[%clk 0:32:33]} Qb7 {[%clk 0:20:59]} 19. g5 {[%clk 0:31:43]} Nh5
{[%clk 0:20:24]} 20. Ne4 {[%clk 0:31:36]} Nf5 {[%clk 0:12:41]} 21. Ne5
{[%clk 0:25:39]} Qa6 {[%clk 0:10:42]} 22. Ng4 {[%clk 0:24:26]} Be7
{[%clk 0:10:46]} 23. Qc2 {[%clk 0:22:00]} Qa5 {[%clk 0:09:01]} 24. Bc3
{[%clk 0:18:46]} Qa6 {[%clk 0:08:17]} 25. Rb1 {[%clk 0:18:19]} Rf8
{[%clk 0:06:52]} 26. Ba1 {[%clk 0:17:47]} h6 {[%clk 0:06:49]} 27. Rf3
{[%clk 0:15:39]} 1-0

[Event "Moscow Open 2016 A"]
[Site "?"]
[Date "2016.02.07"]
[Round "9.9"]
[White "Khismatullin, Denis"]
[Black "Ulko, Jaroslav"]
[Result "1-0"]
[BlackElo "2456"]
[WhiteElo "2626"]
[LiveChessVersion "1.4.7"]

1. d4 {[%clk 1:23:40]} Nf6 {[%clk 1:29:56]} 2. c4 {[%clk 1:23:33]} g6
{[%clk 1:30:20]} 3. g3 {[%clk 1:21:51]} Bg7 {[%clk 1:30:37]} 4. Bg2
{[%clk 1:22:16]} O-O {[%clk 1:30:57]} 5. Nc3 {[%clk 1:22:41]} d6 {[%clk 1:31:16]}
6. Nf3 {[%clk 1:23:04]} Nbd7 {[%clk 1:31:39]} 7. O-O {[%clk 1:23:28]} e5
{[%clk 1:32:06]} 8. Qc2 {[%clk 1:19:00]} c6 {[%clk 1:30:12]} 9. Rd1
{[%clk 1:16:36]} Re8 {[%clk 1:30:32]} 10. e4 {[%clk 1:14:51]} exd4
{[%clk 1:30:37]} 11. Nxd4 {[%clk 1:14:31]} Qe7 {[%clk 1:30:24]} 12. f3
{[%clk 1:05:08]} Nb6 {[%clk 1:22:44]} 13. b3 {[%clk 1:01:44]} d5 {[%clk 1:10:00]}
14. cxd5 {[%clk 0:50:12]} cxd5 {[%clk 1:06:39]} 15. Ncb5 {[%clk 0:50:30]} dxe4
{[%clk 1:06:09]} 16. Nc7 {[%clk 0:45:37]} exf3 {[%clk 0:59:05]} 17. Nxe8
{[%clk 0:33:20]} fxg2 {[%clk 0:57:38]} 18. Nxg7 {[%clk 0:31:41]} Bg4
{[%clk 0:57:59]} 19. Ngf5 {[%clk 0:30:04]} gxf5 {[%clk 0:57:38]} 20. Nxf5
{[%clk 0:29:11]} Qe6 {[%clk 0:57:51]} 21. Nh6+ {[%clk 0:28:14]} Kg7
{[%clk 0:58:13]} 22. Nxg4 {[%clk 0:27:59]} Nxg4 {[%clk 0:58:37]} 23. Bb2+
{[%clk 0:23:25]} f6 {[%clk 0:58:27]} 24. Re1 {[%clk 0:23:31]} Rc8
{[%clk 0:57:20]} 25. Qxg2 {[%clk 0:22:33]} Qf5 {[%clk 0:57:44]} 26. Re2
{[%clk 0:19:24]} Rc6 {[%clk 0:54:46]} 27. Rd1 {[%clk 0:17:30]} Kg6
{[%clk 0:54:31]} 28. Qe4 {[%clk 0:16:29]} Qxe4 {[%clk 0:54:06]} 29. Rxe4
{[%clk 0:16:55]} h5 {[%clk 0:54:16]} 30. Rd2 {[%clk 0:16:21]} Kf7
{[%clk 0:53:59]} 31. a4 {[%clk 0:15:14]} Rc5 {[%clk 0:52:51]} 32. h3
{[%clk 0:14:17]} Nh6 {[%clk 0:51:44]} 33. Bd4 {[%clk 0:14:26]} Rc1+
{[%clk 0:48:53]} 34. Kf2 {[%clk 0:14:38]} Nf5 {[%clk 0:46:49]} 35. Bxb6
{[%clk 0:12:55]} axb6 {[%clk 0:47:16]} 36. g4 {[%clk 0:12:34]} hxg4
{[%clk 0:47:39]} 37. hxg4 {[%clk 0:12:59]} Nh6 {[%clk 0:47:41]} 38. Rb4
{[%clk 0:13:08]} Kg6 {[%clk 0:47:55]} 39. Rd5 {[%clk 0:12:35]} Rc3
{[%clk 0:46:58]} 40. Rdb5 {[%clk 0:42:38]} Nf7 {[%clk 1:16:57]} 41. Rxb6
{[%clk 0:42:59]} Ne5 {[%clk 1:17:24]} 42. Rxb7 {[%clk 0:43:19]} 1-0

[Event "Moscow Open 2016 A"]
[Site "?"]
[Date "2016.02.07"]
[Round "9.10"]
[White "Ponkratov, Pavel"]
[Black "Kostenko, Petr"]
[Result "1-0"]
[BlackElo "2449"]
[WhiteElo "2591"]
[LiveChessVersion "1.4.7"]

1. Nf3 {[%clk 1:30:57]} Nf6 {[%clk 1:28:35]} 2. d4 {[%clk 1:31:13]} b6
{[%clk 1:29:00]} 3. c4 {[%clk 1:31:26]} Bb7 {[%clk 1:29:25]} 4. g3
{[%clk 1:31:18]} g6 {[%clk 1:29:34]} 5. Bg2 {[%clk 1:31:44]} Bg7 {[%clk 1:30:00]}
6. O-O {[%clk 1:32:09]} O-O {[%clk 1:30:20]} 7. d5 {[%clk 1:31:41]} Ne4
{[%clk 1:30:39]} 8. Qc2 {[%clk 1:31:24]} f5 {[%clk 1:30:33]} 9. Nbd2
{[%clk 1:27:12]} Nxd2 {[%clk 1:30:12]} 10. Bxd2 {[%clk 1:27:38]} c6
{[%clk 1:30:26]} 11. Ng5 {[%clk 1:23:32]} Qc8 {[%clk 1:29:50]} 12. Qb3
{[%clk 1:20:19]} Na6 {[%clk 1:29:43]} 13. Rac1 {[%clk 1:14:15]} Nc5
{[%clk 1:26:50]} 14. Qe3 {[%clk 1:14:29]} h6 {[%clk 1:24:36]} 15. b4
{[%clk 1:06:40]} hxg5 {[%clk 1:24:46]} 16. bxc5 {[%clk 1:07:06]} Bf6
{[%clk 1:25:11]} 17. Bc3 {[%clk 1:05:35]} bxc5 {[%clk 1:23:21]} 18. Bxf6
{[%clk 1:00:08]} exf6 {[%clk 1:23:45]} 19. Qxc5 {[%clk 0:59:46]} cxd5
{[%clk 1:22:52]} 20. Qb4 {[%clk 1:00:12]} Rb8 {[%clk 1:18:04]} 21. cxd5
{[%clk 1:00:35]} Ba6 {[%clk 1:12:30]} 22. Qa3 {[%clk 0:48:16]} Qb7
{[%clk 1:12:44]} 23. Rfe1 {[%clk 0:44:36]} Qb6 {[%clk 1:10:03]} 24. h3
{[%clk 0:39:31]} Rfe8 {[%clk 1:07:07]} 25. e3 {[%clk 0:38:48]} Kf7
{[%clk 1:01:18]} 26. d6 {[%clk 0:35:22]} Re5 {[%clk 1:01:24]} 27. Rc7
{[%clk 0:31:23]} Ke6 {[%clk 1:01:32]} 28. Rd1 {[%clk 0:30:51]} Qa5
{[%clk 0:24:46]} 29. Qc1 {[%clk 0:25:15]} Be2 {[%clk 0:24:34]} 30. Rd4
{[%clk 0:20:57]} g4 {[%clk 0:23:02]} 31. Kh2 {[%clk 0:12:51]} Bb5
{[%clk 0:04:52]} 32. a4 {[%clk 0:12:27]} Ba6 {[%clk 0:04:25]} 33. Qc2
{[%clk 0:11:23]} Qb6 {[%clk 0:02:19]} 34. Bc6 {[%clk 0:11:07]} Qb2
{[%clk 0:01:04]} 35. Rxd7 {[%clk 0:10:36]} Kd5 1-0

[Event "Moscow Open 2016 A"]
[Site "?"]
[Date "2016.02.07"]
[Round "9.11"]
[White "Lintchevski, Daniil"]
[Black "Seliverstov, Vladimir"]
[Result "1/2-1/2"]
[BlackElo "2449"]
[WhiteElo "2563"]
[LiveChessVersion "1.4.7"]

1. Nf3 {[%clk 1:30:58]} g6 {[%clk 1:16:52]} 2. e4 {[%clk 1:30:32]} c5
{[%clk 1:17:16]} 3. c3 {[%clk 1:30:49]} Bg7 {[%clk 1:17:19]} 4. d4
{[%clk 1:31:13]} cxd4 {[%clk 1:15:19]} 5. cxd4 {[%clk 1:31:37]} d6
{[%clk 1:14:56]} 6. h3 {[%clk 1:28:05]} Nf6 {[%clk 1:15:14]} 7. Nc3
{[%clk 1:28:30]} O-O {[%clk 1:15:25]} 8. Be2 {[%clk 1:28:17]} a6 {[%clk 1:07:46]}
9. a4 {[%clk 1:27:29]} Nc6 {[%clk 1:07:45]} 10. O-O {[%clk 1:26:42]} d5
{[%clk 1:07:53]} 11. e5 {[%clk 1:22:25]} Ne4 {[%clk 1:08:21]} 12. Re1
{[%clk 1:22:00]} Bf5 {[%clk 1:03:57]} 13. g4 {[%clk 1:21:23]} Be6
{[%clk 1:02:16]} 14. Bf1 {[%clk 1:19:50]} f6 {[%clk 0:56:20]} 15. Bg2
{[%clk 1:11:48]} fxe5 {[%clk 0:52:42]} 16. Nxe4 {[%clk 1:10:10]} dxe4
{[%clk 0:53:01]} 17. Ng5 {[%clk 1:10:23]} Bd5 {[%clk 0:49:20]} 18. dxe5
{[%clk 1:10:46]} Nxe5 {[%clk 0:45:31]} 19. Nxe4 {[%clk 1:08:53]} e6
{[%clk 0:43:07]} 20. Bg5 {[%clk 1:07:25]} Qb6 {[%clk 0:43:13]} 21. Be3
{[%clk 1:07:40]} Qd8 {[%clk 0:28:41]} 22. Bg5 {[%clk 0:59:25]} Qb6
{[%clk 0:29:09]} 23. Be3 {[%clk 0:59:50]} Qd8 {[%clk 0:29:34]} 24. Bg5
{[%clk 0:53:25]} 1/2-1/2

[Event "Moscow Open 2016 A"]
[Site "?"]
[Date "2016.02.07"]
[Round "9.12"]
[White "Pridorozhni, Aleksei"]
[Black "Tran, Tuan Minh"]
[Result "0-1"]
[BlackElo "2447"]
[WhiteElo "2550"]
[LiveChessVersion "1.4.7"]

1. e4 {[%clk 1:30:58]} c5 {[%clk 1:30:09]} 2. Nf3 {[%clk 1:31:21]} d6
{[%clk 1:30:35]} 3. c3 {[%clk 1:31:40]} Nf6 {[%clk 1:31:01]} 4. h3
{[%clk 1:32:00]} Nc6 {[%clk 1:31:26]} 5. Bd3 {[%clk 1:32:17]} d5 {[%clk 1:31:52]}
6. e5 {[%clk 1:32:38]} Nd7 {[%clk 1:32:17]} 7. Qe2 {[%clk 1:32:58]} e6
{[%clk 1:32:42]} 8. O-O {[%clk 1:33:18]} Be7 {[%clk 1:32:32]} 9. Bc2
{[%clk 1:32:21]} b6 {[%clk 1:32:19]} 10. a3 {[%clk 1:31:28]} c4 {[%clk 1:20:16]}
11. d4 {[%clk 1:19:44]} cxd3 {[%clk 1:20:40]} 12. Bxd3 {[%clk 1:20:10]} Nc5
{[%clk 1:17:57]} 13. Bb5 {[%clk 1:19:41]} Bd7 {[%clk 1:18:20]} 14. Bxc6
{[%clk 1:19:58]} Bxc6 {[%clk 1:18:47]} 15. Nd4 {[%clk 1:20:22]} Bb7
{[%clk 0:56:52]} 16. Qg4 {[%clk 1:13:33]} g6 {[%clk 0:53:22]} 17. Bh6
{[%clk 1:10:07]} Qd7 {[%clk 0:53:30]} 18. Rd1 {[%clk 0:59:42]} O-O-O
{[%clk 0:50:58]} 19. a4 {[%clk 0:59:31]} f5 {[%clk 0:40:11]} 20. exf6
{[%clk 0:45:17]} Bxf6 {[%clk 0:40:36]} 21. Bg5 {[%clk 0:45:42]} h5
{[%clk 0:33:35]} 22. Qh4 {[%clk 0:41:57]} Bg7 {[%clk 0:33:07]} 23. Bxd8
{[%clk 0:40:46]} Rxd8 {[%clk 0:33:32]} 24. b4 {[%clk 0:36:48]} Ne4
{[%clk 0:32:48]} 25. f3 {[%clk 0:37:11]} Nd6 {[%clk 0:31:33]} 26. Nd2
{[%clk 0:34:19]} e5 {[%clk 0:31:06]} 27. Nb5 {[%clk 0:34:33]} Nf5
{[%clk 0:30:35]} 28. Qf2 {[%clk 0:34:56]} Kb8 {[%clk 0:25:51]} 29. Nf1
{[%clk 0:28:54]} a6 {[%clk 0:19:59]} 30. Na3 {[%clk 0:28:32]} Qc7
{[%clk 0:20:25]} 31. Rac1 {[%clk 0:24:12]} Bh6 {[%clk 0:19:14]} 32. Rc2
{[%clk 0:24:34]} e4 {[%clk 0:18:12]} 33. fxe4 {[%clk 0:21:37]} dxe4
{[%clk 0:18:40]} 34. Rxd8+ {[%clk 0:21:58]} Qxd8 {[%clk 0:19:09]} 35. Nc4
{[%clk 0:22:14]} e3 {[%clk 0:18:42]} 36. Qe1 {[%clk 0:12:24]} Qd3
{[%clk 0:13:49]} 37. Na3 {[%clk 0:12:42]} Bg5 {[%clk 0:13:59]} 38. Re2
{[%clk 0:10:30]} Ka7 {[%clk 0:11:44]} 39. a5 {[%clk 0:10:27]} b5 {[%clk 0:10:44]}
40. Nc2 {[%clk 0:38:47]} Bh4 {[%clk 0:36:34]} 41. g3 {[%clk 0:32:39]} Qe4
{[%clk 0:35:27]} 42. Rh2 {[%clk 0:31:59]} Bg5 {[%clk 0:35:44]} 43. h4
{[%clk 0:28:53]} Bh6 {[%clk 0:35:38]} 44. Qe2 {[%clk 0:27:06]} Bd5
{[%clk 0:34:45]} 45. Ne1 {[%clk 0:27:00]} Bc4 {[%clk 0:33:12]} 46. Qg2
{[%clk 0:26:27]} e2 0-1